Climate change conversations (Record no. 55655)

MARC details
000 -LEADER
fixed length control field 00315nam a2200133Ia 4500
100 ## - MAIN ENTRY--AUTHOR NAME
Personal name Shakhashiri ZBassam
245 #0 - TITLE STATEMENT
Title Climate change conversations
260 ## - PUBLICATION, DISTRIBUTION, ETC. (IMPRINT)
Name of publisher Science
Year of publication 2013
300 ## - PHYSICAL DESCRIPTION
Number of Pages 9
650 ## - SUBJECT ADDED ENTRY--TOPICAL TERM
Topical Term Climate change
700 ## - ADDED ENTRY--PERSONAL NAME
Personal name Bell AJerry
942 ## - ADDED ENTRY ELEMENTS (KOHA)
Koha item type Journals
Holdings
Withdrawn status Lost status Damaged status Not for loan Home library Current library Shelving location Date acquired Serial Enumeration / chronology Koha item type
      Journals RRII Library RRII Library Climate change 19/08/2013 Volume 340, Issue 6128 Journals